The Kādambarī of Bāṇa

Saved in:
Bibliographic Details
Main Author: Bhushanabhatta
Other Authors: Bāṇa‏, Ridding, C. M., 1862-1941 (Caroline Mary) (Translator)
Format: Electronic eBook
Language:English
Published: Project Gutenberg, 2012
Series:Project Gutenberg 41128
Online Access:http://www.gutenberg.org/etext/41128
Rights
Tags: Add Tag
No Tags, Be the first to tag this record!
Call Number :

MARC

LEADER 00000cam a22000003a 4500
001 87265
003 MY-KLNDU
005 20241219044150.0
008 210403s2012||||xxu|||||s|||||000 | eng d
035 |a (PGUSA)41128 
039 9 |a 202104051334  |b VLOAD  |c 202104031712  |d VLOAD  |y 202104031656  |z VLOAD 
040 |a PGUSA  |b eng 
042 |a dc 
100 1 |a Bhushanabhatta 
245 1 4 |a The Kādambarī of Bāṇa  |h [electronic resource] /  |c by Bhushanabhatta and Bāṇa‏; translated by C. M., 1862-1941 Ridding 
260 |b Project Gutenberg,  |c 2012 
500 |a Project Gutenberg 
506 |a Freely available. 
516 |a Electronic text 
599 |a Dummy Record 
700 1 |a Bāṇa‏ 
700 1 |a Ridding, C. M., 1862-1941  |q (Caroline Mary),  |e Translator 
740 0 |a The Kadambari of Bana 
830 0 |a Project Gutenberg  |v 41128 
856 4 0 |u http://www.gutenberg.org/etext/41128 
856 4 2 |u http://www.gutenberg.org/license  |3 Rights 
999 |a vtls000099370  |c 87265  |d 87265